Kỹ thuật và tạo hình nhiếp ảnh

সংরক্ষণ করুন:
গ্রন্থ-পঞ্জীর বিবরন
প্রধান লেখক: Đỗ Phan Ái
বিন্যাস: গ্রন্থ
ভাষা:Vietnamese
প্রকাশিত: H. Văn hóa - thông tin 2010
বিষয়গুলি:
ট্যাগগুলো: ট্যাগ যুক্ত করুন
কোনো ট্যাগ নেই, প্রথমজন হিসাবে ট্যাগ করুন!
Thư viện lưu trữ: Mạng thư viện Đại học Đà Nẵng
LEADER 01092nam a2200325 4500
001 000019930
003 16371
005 20141202101239.0
008 141202s2010 viesd
020 |c 45000 
041 0 |a vie 
082 1 4 |a 771  |b ĐÔ-A 
100 1 |a Đỗ Phan Ái 
245 1 0 |a Kỹ thuật và tạo hình nhiếp ảnh  |c Đỗ Phan Ái 
260 |a H.  |b Văn hóa - thông tin  |c 2010 
300 |a 219 tr.  |c 20 cm. 
500 |a Đầu sách ghi: Học viện báo chí và tuyên truyền 
504 |a Thư mục tr.216-219 
650 0 4 |a Nhiếp ảnh  |x Kỹ thuật và tạo hình 
653 |a Nhiếp ảnh 
OWN |a LSP 
AVA |a UDN50  |b LSP  |d 771 ĐÔ-A  |e available  |t Error 5001 Not defined in file expand_doc_bib_avail.  |f 10  |g 2  |h N  |i 27  |k 1 
999 |a From the UDN01 
AVA |a UDN50  |b LSP  |d 771 ĐÔ-A  |e available  |t Error 5001 Not defined in file expand_doc_bib_avail.  |f 10  |g 2  |h N  |i 27  |k 1 
TYP |a Monograph 
TYP |a Printed language 
980 |a Mạng thư viện Đại học Đà Nẵng